00399nam a22001577a 450000500170000001000110001703500110002803700130003908200110005210000220006324500580008526000360014327000360017930000200021550000060023520180523135332.0 a437519 a437519 bBPPD/PUB a954.02 aManucci, Niccolao aStoria do mogar:bor mogul Indiacby Niccolao Manucci aCalcuttabEditions Indianc1966 a59A, Shambazar StreetbCalcutta a457p.c20cm(Hb) a